Every Animal - Statistics

General Stats
  • This quiz has been taken 30 times
  • The average score is 89 of 284
Answer Stats
Hint Answer % Correct
Mammal Cat
100%
Mammal Dog
100%
Mammal Lion
95%
Rodent Mouse
90%
Rodent Rat
90%
Mammal Tiger
90%
Insect Ant
86%
Mammal Elephant
86%
Mammal Giraffe
86%
Mammal Pig
86%
Mammal Sheep
86%
Mammal Whale
86%
Mammal Cow
81%
Mammal Fox
81%
Primate Gorilla
81%
Insect Spider
81%
Mammal Wolf
81%
Mammal Deer
76%
Mammal Jaguar
76%
Reptile Turtle
76%
Mammal Zebra
76%
Reptile Alligator
71%
Bird Bald Eagle
71%
Reptile Crocodile
71%
Bird Duck
71%
Bird Eagle
71%
Mammal Horse
71%
Mammal Koala
71%
Mammal Leopard
71%
Primate Monkey
71%
Mammal Polar Bear
71%
Crustation Crab
67%
Fish | Mammal Dolphin
67%
Amphibian Frog
67%
Mammal Goat
67%
Primate Lemur
67%
Bird Parrot
67%
Mammal Squirrel
67%
Insect Bee
62%
Mammal Cheetah
62%
Primate Chimpanzee
62%
Mammal Elk
62%
Insect Fly
62%
Bird Goose
62%
Mammal Hippopotamus
62%
Primate Human
62%
Mammal Lynx
62%
Mammal Rabbit
62%
Mammal Seal
62%
Primate Baboon
57%
Mammal Donkey
57%
Mammal Hamster
57%
Mammal Kangaroo
57%
Crustation Lobster
57%
Mammal Moose
57%
Fish Octopus
57%
Mammal Puma
57%
Mammal Rhinoceros
57%
Amphibian Toad
57%
Mammal Bat
52%
Mammal Beaver
52%
Insect Beetle
52%
Mammal Camel
52%
Fish Clownfish
52%
Reptile Iguana
52%
Primate Orangutan
52%
Bird Pengiun
52%
Mammal Sloth
52%
Reptile Tortoise
52%
Mammal Black Bear
48%
Mammal Brown Bear
48%
Mammal Ferret
48%
Bird Flamingo
48%
Bird Hawk
48%
Bird Owl
48%
Bird Pigeon
48%
Bird Robin
48%
Mammal Skunk
48%
Mammal Walrus
48%
Mammal Badger
43%
Mammal Bison
43%
Mammal Buffalo
43%
Mammal Coyote
43%
Fish Eel
43%
Bird Emu
43%
Bird Falcon
43%
Fish Great White Shark
43%
Rodent Guinea Pig
43%
Bird Ostrich
43%
Mammal Otter
43%
Bird Peacock
43%
Mammal Racoon
43%
Mammal Reindeer
43%
Amphibian Salamander
43%
Crustation Shrimp
43%
Fish Squid
43%
Insect Wasp
43%
Mammal Alpaca
38%
Reptile Anaconda
38%
Mammal Capybara
38%
Mammal Jackal
38%
Reptile Komodo Dragon
38%
Mammal Llama
38%
Mammal Mole
38%
Mammal Ox
38%
Reptile Rattlesnake
38%
Mammal Red Panda
38%
Mammal Wombat
38%
Primate Ape
33%
Insect Butterfly
33%
Reptile Chameleon
33%
Bird Dove
33%
Reptile Gecko
33%
Mammal Hare
33%
Mammal Hedgehog
33%
Insect Hornet
33%
Insect Ladybug
33%
Mammal Mule
33%
Bird Pelican
33%
Mammal Porcupine
33%
Mammal Sea Lion
33%
Fish Starfish
33%
Fish Tiger Shark
33%
Fish Tuna
33%
Mammal Yak
33%
Mammal Aardvark
29%
Fish Blue Whale
29%
Mammal Boar
29%
Rodent Chipmunk
29%
Mammal Gazelle
29%
Fish Jellyfish
29%
Fish Koi
29%
Mammal Meerkat
29%
Mammal Ocelot
29%
Fish Orca
29%
Fish Puffer fish
29%
Bird Raven
29%
Bird Seagull
29%
Fish Whale Shark
29%
Mammal Wolverine
29%
Bird Woodpecker
29%
Bird Blackbird
24%
Reptile Cobra
24%
Primate Gibbon
24%
Insect Grasshopper
24%
Bird Jay
24%
Mammal Narwhal
24%
Mammal Spider Monkey
24%
Mammal Tapir
24%
Reptile Viper
24%
Mammal Wallaby
24%
Mammal Warthog
24%
Mammal Armadillo
19%
Bird Buzzard
19%
Rodent Chinchilla
19%
Insect Cockroach
19%
Bird Crane
19%
Mammal Dingo
19%
Bird Finch
19%
Rodent Gopher
19%
Bird Hummingbird
19%
Mammal Ibex
19%
Bird Kingfisher
19%
Mammal Mink
19%
Mammal Mongoose
19%
Insect Moth
19%
Amphibian Newt
19%
Mammal Okapi
19%
Fish Oyster
19%
Mammal Pangolin
19%
Crustation Prawn
19%
Bird Puffin
19%
Fish Seahorse
19%
Bird Sparrow
19%
Insect Tarantula
19%
Insect Termite
19%
Mammal Vole
19%
Mammal Weasel
19%
Bird Barn Owl
14%
Reptile Bearded Dragon
14%
Insect Cricket
14%
Insect Dragonfly
14%
Insect Earwig
14%
Bird Mallard
14%
Fish Manta Ray
14%
Insect Mantis
14%
Bird Mockingbird
14%
Bird Osprey
14%
Bird Quail
14%
Mammal Stoat
14%
Mammal Tasmanian Devil
14%
Bird Albatross
10%
Fish Blobfish
10%
Insect Bumblebee
10%
Bird Cuckoo
10%
Insect Firefly
10%
Mammal Impala
10%
Bird Kiwi
10%
Bird Lark
10%
Mammal Liger
10%
Reptile Mamba
10%
Mammal Manatee
10%
Fish Plankton
10%
Mammal Quokka
10%
Fish Sea Urchin
10%
Mammal Siberian Tiger
10%
Fish Sponge
10%
Bird Starling
10%
Insect Tick
10%
Fish Urchin
10%
Reptile Adder
5%
Mammal Arctic Fox
5%
Fish Barracuda
5%
Insect Cicadia
5%
Reptile Coral Snake
5%
Bird Golden Eagle
5%
Mammal Honey Badger
5%
Bird Kestral
5%
Bird Magpie
5%
Insect Milipede
5%
Rodent Muskrat
5%
Mammal Red Squirrel
5%
Bird Roadrunner
5%
Bird Rook
5%
Fish Sardine
5%
Mammal Sperm Whale
5%
Insect Stick Insect
5%
Amphibian Tadpole
5%
Bird Tawny Owl
5%
Reptile Terrapin
5%
Reptile Thorny Devil
5%
Bird Thrush
5%
Insect Weevil
5%
Fish Zebrafish
5%
Fish Anchovy
0%
Insect Aphid
0%
Bird Avocet
0%
Amphibian Axalotl
0%
Rodent Bandicoot
0%
Crustation Barnacle
0%
Mammal Bilby
0%
Bird Blue Tit
0%
Reptile Boa Constructa
0%
Insect Bottle Fly
0%
Bird Bullfinch
0%
Fish Butterfly Fish
0%
Reptile Caiman
0%
Insect Catipiller
0%
Insect Centrepede
0%
Reptile Corn Snake
0%
Insect Dung Beetle
0%
Insect Firerfly
0%
Insect Flea
0%
Mammal Fruit Bat
0%
Mammal Gerbill
0%
Bird Goldfinch
0%
Fish Halibut
0%
Bird Hawfinch
0%
Insect Headlice
0%
Bird Heron
0%
Fish Herring
0%
Insect Inchworm
0%
Crustation Krill
0%
Rodent Lemming
0%
Insect Magott
0%
Insect Mealworm
0%
Reptile Milk Snake
0%
Mammal Naked Mole Rat
0%
Fish Pirahna
0%
Crustation Tiger Prawn
0%
Fish Tutle
0%
Mammal Uakari
0%
Reptile Water Dragon
0%
Mammal Wilderbeast
0%
Bird Willow
0%
Insect Woodlouse
0%
Bird Yellowhammer
0%
Insect Yellowjacket
0%
Mammal Zonkey
0%
Mammal Zorse
0%
No matching quizzes found
Score Distribution
Percent of People with Each Score
Percentile by Number Answered
Your Score History
You have not taken this quiz